| 000 | 00421nam a2200145Ia 4500 | ||
|---|---|---|---|
| 008 | 221030s9999 xx 000 0 und d | ||
| 041 | _aEnglish | ||
| 082 | _a105.23 | ||
| 100 | _a1 | ||
| 245 | 0 |
_aProceedings Of The National Conference On Next Generation Computing & Information Systems NGCIS - 2009 ( 14th - 15th Feb., 2009) _cby 1 |
|
| 260 |
_bMIET _aJammu _c2009 |
||
| 300 | _a298 | ||
| 650 | _aComputers | ||
| 942 | _cBK | ||
| 999 |
_c6056 _d6056 |
||